Datum a čas kvízu
19.5
Celkem bodů
Celkový počet nahraných bodů na tomto kvízu bez doplňovacích otázek.
7.
Pořadí na kvízu
Konečné umístění týmu na tomto kvízu.
Zaznamenané odpovědi
| # | Otázka | Odpověď | Body | Výsledky |
|---|---|---|---|---|
| 1. | Minulou sobotu byla mimořádně... | Kramářova vila | 1 | |
| 2. | V pondělí večer byl v jednom i... | Janov | 1 | |
| 3. | Minulý týden se v Praze konal... | Střelecký ostrov | 1 | |
| 4. | Společnost Škoda Auto má novéh... | Jihoafrická republika | 0 | |
| 5. | Jak se jmenuje čerstvý držitel... | Tomáš Souček | 1 | |
| 6. | Historie kulečníkových her sah... | slonovina | 0 | |
| 7. | Kulečník, nebo také biliár (z... | pool | 1 | |
| 8. | Osmička (Eight-ball) se hraje... | A | 0 | |
| 9. | Nyní vám pustíme ukázku ze ser... | karambol | 1 | |
| 10. | Barva peněz je snímek z roku 1... | Tom Cruise | 0 |